Statistiques concernant Signification de 2ELGBTQQIA+

Cliquez ici pour prendre le quiz!

Statistiques générales

  • Ce quiz a été pris 128 fois
  • Le résultat moyen est 5 sur 9

Statistiques - réponses

LettreDéfinition% Correct
LLesbienne
98%
GGay
97%
BBisexuel
96%
QQueer
78%
TTransgenre
74%
AAsexuel
62%
IIntersexe
37%
QQuestionnement
6%
2EBispirituel
2%

Distribution des résultats

Percentile par nombre de réponses

% des personnes avec chaque résultat

Votre développement - résultats

Vous n’avez pas pris ce quiz